| 000 | 00388 a2200133 4500 | ||
|---|---|---|---|
| 001 | 92285 | ||
| 082 | _aPR 2534 | ||
| 090 |
_c44238 _d44239 |
||
| 100 | _aMuhammad Umer Hayat; Prof Manzar Abbas and Ahnaf Hannan (Advisors) | ||
| 245 |
_aDevelopment of Universal Testbed for Turbofan Engine _c78 "B" EC |
||
| 260 |
_aIslamabad _bNUST _c2015 |
||
| 300 | _a63p. | ||
| 500 | _aBE Project Reports | ||
| 942 |
_aCAE NUST _kPR 2534 |
||
| 999 |
_c327358 _d327358 |
||